00517nam a22001337a 4500003000200000005001700002008004100019050002300060100003500083245012700118260007400245300002300319500004100342020231107100458.0230701b xxu||||| |||| 00| 0 eng d aRC 565b.Ji61 2022 aJiwatramani, Vianne Monica M.  aSelf sufficiency and emotion regulation among women employees in male dominated industriescJiwatramani, Vianne Monica M.  aLas Piñas CitybSouthville International School and CollegescC2022 ax, 147pp. c28cm.  aEmotion regulation-women employees.